| 000 | 00490nam a2200181Ia 4500 | ||
|---|---|---|---|
| 008 | 210427s2006 xx 000 0 und d | ||
| 020 | _a9788126509409 | ||
| 041 | _aeng | ||
| 082 | _a005.3068 MANS | ||
| 100 | _aMantel, Samuel J | ||
| 245 |
_aProject management _bcore textbook. |
||
| 260 |
_aNew Delhi _bWiley India Pvt Ltd _c2006 |
||
| 300 | _axviii,346 | ||
| 700 | _aMeredith, Jack R | ||
| 700 | _aShafer, Scott M | ||
| 700 | _aSutton, Margaret M | ||
| 906 | _aBudgeting the projec | ||
| 999 |
_c176741 _d176741 |
||